ბათუმის შოთა რუსთაველის სახელმწიფო უნივერსიტეტის ბიბლიოთეკა

Deutsche Literaturgeschichte : (ბიბ.ჩანაწერი № 62163)

000 -LEADER
fixed length control field 00804nam a22002057a 4500
005 - DATE AND TIME OF LATEST TRANSACTION
control field 20250916191714.0
008 - FIXED-LENGTH DATA ELEMENTS--GENERAL INFORMATION
fixed length control field 240725s1995 ge ||||| |||| 00| 0 ger d
020 ## - INTERNATIONAL STANDARD BOOK NUMBER
International Standard Book Number ‎ 9783423033510 X
041 ## - LANGUAGE CODE
Language code of text/sound track or separate title ger
080 ## - UNIVERSAL DECIMAL CLASSIFICATION NUMBER
Universal Decimal Classification number 821.112.2.09 F-75
100 ## - MAIN ENTRY--PERSONAL NAME
Personal name Forster, Heinz
9 (RLIN) 22936
245 ## - TITLE STATEMENT
Title Deutsche Literaturgeschichte :
Remainder of title Band 11. Nachkriegszeit 1945 - 1968 /
Statement of responsibility, etc. Heinz Forster, Paul Riegel.
264 ## - PRODUCTION, PUBLICATION, DISTRIBUTION, MANUFACTURE, AND COPYRIGHT NOTICE
Place of production, publication, distribution, manufacture München:
Name of producer, publisher, distributor, manufacturer Deutscher Taschenbuch Verlag,
Date of production, publication, distribution, manufacture, or copyright notice 1995-2002.
300 ## - PHYSICAL DESCRIPTION
Extent 489 pages.:
Other physical details 20 cm.
440 ## - SERIES STATEMENT/ADDED ENTRY--TITLE
Title Dtv.
9 (RLIN) 22947
653 ## - INDEX TERM--UNCONTROLLED
keyword Deutsche Literaturgeschichte
653 ## - INDEX TERM--UNCONTROLLED
keyword გერმანული ლიტერატურის ისტორია. ომისშემდგომი პერიოდი 1945 - 1968 წწ.
700 ## - ADDED ENTRY--PERSONAL NAME
Personal name Rieger, Paul
9 (RLIN) 22948
942 ## - ADDED ENTRY ELEMENTS (KOHA)
Source of classification or shelving scheme
Koha item type წიგნი
ეგზემპლარები
Withdrawn status Lost status Source of classification or shelving scheme Damaged status Not for loan Permanent Location Current Location Shelving location Date acquired Cost, normal purchase price Full call number Barcode Date last seen Copy number Price effective from Koha item type Public note
          ბათუმის შოთა რუსთაველის სახელმწიფო უნივერსიტეტის მთავარი ბიბლიოთეკა ბათუმის შოთა რუსთაველის სახელმწიფო უნივერსიტეტის მთავარი ბიბლიოთეკა წიგნსაცავი 2024-07-25 93.00 821.112.2.09 F-75 68844 2024-07-25 68844 2024-07-25 წიგნი 93.00
          ბათუმის შოთა რუსთაველის სახელმწიფო უნივერსიტეტის მთავარი ბიბლიოთეკა ბათუმის შოთა რუსთაველის სახელმწიფო უნივერსიტეტის მთავარი ბიბლიოთეკა წიგნსაცავი 2025-09-16 102.00 821.112.2.09 F-75 72346 2025-09-16 72346 2025-09-16 წიგნი 102.00
          ბათუმის შოთა რუსთაველის სახელმწიფო უნივერსიტეტის მთავარი ბიბლიოთეკა ბათუმის შოთა რუსთაველის სახელმწიფო უნივერსიტეტის მთავარი ბიბლიოთეკა წიგნსაცავი 2025-09-16 102.00 821.112.2.09 F-75 72347 2025-09-16 72347 2025-09-16 წიგნი 102.00